[Event "SWE-chT2 1112"]
[Site "Sweden"]
[Date "2012.02.04"]
[Round "5"]
[White "Andersson, Bjorn2222"]
[Black "Ong, Kezli"]
[Result "0-1"]
[WhiteElo "2286"]
[BlackElo "2239"]
[PlyCount "88"]
[EventDate "2011.10.22"]
[EventType "team-tourn"]
[EventRounds "9"]
[EventCountry "SWE"]
[SourceTitle "EXT 2013"]
[Source "ChessBase"]
[SourceDate "2012.11.22"]
[SourceVersion "1"]
[SourceVersionDate "2012.11.22"]
[SourceQuality "1"]
[WhiteTeam "Burgsvik Alva"]
[BlackTeam "Farsta"]
[WhiteTeamCountry "SWE"]
[BlackTeamCountry "SWE"]

1. e4 e5 2. Nf3 Nc6 3. Bb5 a6 4. Ba4 Nf6 5. Qe2 Be7 6. c3 b5 7. Bb3 d6 8. d3 0-0 9. Nbd2 Re8 10. Nf1 h6 11. h3 Be6 12. g4 Bxb3 13. axb3 d5 14. Ng3 dxe4 15. dxe4 Nd7 16. 0-0 Nc5 17. Rd1 Qc8 18. Qc2 Qe6 19. Rd5 Red8 20. Rxd8+ Rxd8 21. b4 Qb3 22. Qe2 Rd1+ 23. Kh2 Nd3 24. Ra3 Nxc1 25. Rxb3 Nxe2 26. Nxe2 Rd3 27. Kg2 Bxb4 28. Rxb4 Nxb4 29. cxb4 Rb3 30. Nc1 Rxb2 31. Nd3 Rb3 32. Nfxe5 f6 33. Nc5 Rxb4 34. Ned3 Rd4 35. Kf3 a5 36. Ke3 Rc4 37. f4 a4 38. e5 fxe5 39. fxe5 a3 40. Kd2 a2 41. Nb3 c5 42. Ndc1 Ra4 43. Na1 Rb4 44. Nc2 Rb2 0-1

[Event "SWE-chT 1011"]
[Site "Sweden"]
[Date "2011.01.15"]
[Round "6"]
[White "Ong, Kezli"]
[Black "Bator, Robert"]
[Result "0-1"]
[WhiteElo "2242"]
[BlackElo "2413"]
[PlyCount "46"]
[EventDate "2010.10.08"]
[EventType "team-tourn"]
[EventRounds "11"]
[EventCountry "SWE"]
[SourceTitle "EXT 2012"]
[Source "ChessBase"]
[SourceDate "2011.11.24"]
[SourceVersion "1"]
[SourceVersionDate "2011.11.24"]
[SourceQuality "1"]
[WhiteTeam "Farsta"]
[BlackTeam "Stockholm Rockaden"]
[WhiteTeamCountry "SWE"]
[BlackTeamCountry "SWE"]

1. e4 Nf6 2. e5 Nd5 3. d4 d6 4. Nf3 dxe5 5. Nxe5 c6 6. Bc4 Nd7 7. Nxd7 Bxd7 8. Qf3 Be6 9. 0-0 g6 10. Re1 Bg7 11. Rxe6 fxe6 12. Nd2 Bxd4 13. Ne4 Rf8 14. Qh3 Nf6 15. Bh6 Nxe4 16. Bxf8 Qd6 17. Qxh7 Kd7 18. Bg7 Bxf2+ 19. Kf1 Bc5 20. Qh4 Qd2 21. Re1 g5 22. Bxe6+ Kc7 23. Be5+ Kb6 0-1

[Event "SWE-chT 1011"]
[Site "Sweden"]
[Date "2010.12.04"]
[Round "5"]
[White "Degerman, Lars"]
[Black "Ong, Kezli"]
[Result "1-0"]
[WhiteElo "2485"]
[BlackElo "2242"]
[PlyCount "153"]
[EventDate "2010.10.08"]
[EventType "team-tourn"]
[EventRounds "11"]
[EventCountry "SWE"]
[SourceTitle "EXT 2012"]
[Source "ChessBase"]
[SourceDate "2011.11.24"]
[SourceVersion "1"]
[SourceVersionDate "2011.11.24"]
[SourceQuality "1"]
[WhiteTeam "Team Viking"]
[BlackTeam "Farsta"]
[WhiteTeamCountry "SWE"]
[BlackTeamCountry "SWE"]

1. c4 e5 2. Nc3 Nf6 3. g3 d5 4. cxd5 Nxd5 5. Bg2 Nb6 6. Nf3 Nc6 7. 0-0 Be7 8. a3 0-0 9. b4 Be6 10. Rb1 f6 11. d3 a5 12. b5 Nd4 13. Nd2 Rb8 14. e3 Nf5 15. Nb3 a4 16. Na5 Qc8 17. Qc2 Rd8 18. Ne4 Bd5 19. Bb2 Nd6 20. Nxd6 Rxd6 21. Nc4 Rd8 22. Bxd5+ Rxd5 23. d4 Rxb5 24. Nxb6 Rxb6 25. dxe5 Ra8 26. exf6 Bxf6 27. Bxf6 Rxf6 28. Rfc1 Rc6 29. Qa2+ Kh8 30. Rxc6 bxc6 31. Qf7 Qd8 32. Rb7 Rc8 33. Qe6 Qd1+ 34. Kg2 Qd5+ 35. Qxd5 cxd5 36. Kf1 Kg8 37. Ra7 Kf7 38. Ke2 Ke6 39. Rxa4 Ke5 40. h4 Rb8 41. Rb4 Ra8 42. a4 h5 43. g4 g6 44. f4+ Kd6 45. Kf3 Ra6 46. Rb8 Rxa4 47. Rg8 hxg4+ 48. Kxg4 Ra3 49. Rxg6+ Ke7 50. Rg5 Rxe3 51. Rxd5 Rc3 52. h5 Kf6 53. Rd7 Rc1 54. h6 Rg1+ 55. Kf3 c5 56. Rd5 Rf1+ 57. Kg3 Kg6 58. Rd6+ Kh7 59. Kg4 c4 60. Rc6 c3 61. Kg5 Rg1+ 62. Kf5 Rc1 63. Ke4 c2 64. Kf5 Kh8 65. Rc7 Kg8 66. Rc6 Kh7 67. Rc8 Kxh6 68. Kf6 Kh7 69. f5 Re1 70. Rxc2 Kg8 71. Rc8+ Kh7 72. Kf7 Kh6 73. f6 Rf1 74. Rc2 Ra1 75. Rh2+ Kg5 76. Kg7 Ra7+ 77. f7 1-0

[Event "SWE-chT 1011"]
[Site "Sweden"]
[Date "2010.11.13"]
[Round "4"]
[White "Ong, Kezli"]
[Black "Jansson, Borje"]
[Result "0-1"]
[WhiteElo "2242"]
[BlackElo "2342"]
[PlyCount "122"]
[EventDate "2010.10.08"]
[EventType "team-tourn"]
[EventRounds "11"]
[EventCountry "SWE"]
[SourceTitle "EXT 2012"]
[Source "ChessBase"]
[SourceDate "2011.11.24"]
[SourceVersion "1"]
[SourceVersionDate "2011.11.24"]
[SourceQuality "1"]
[WhiteTeam "Farsta"]
[BlackTeam "Upsala"]
[WhiteTeamCountry "SWE"]
[BlackTeamCountry "SWE"]

1. e4 e5 2. Nf3 Nc6 3. Bb5 a6 4. Ba4 d6 5. 0-0 Bg4 6. h3 Bh5 7. c3 Nf6 8. Re1 Be7 9. d3 0-0 10. Nbd2 b5 11. Bb3 d5 12. Qe2 d4 13. g4 dxc3 14. bxc3 Bg6 15. Nf1 Qd6 16. Bb2 Na5 17. Bc2 Nd7 18. Rad1 f6 19. Nh4 Rfe8 20. Ne3 Bf8 21. Nhf5 Qc6 22. h4 Bf7 23. Bb1 Nc5 24. Ba1 Rad8 25. Kh2 g6 26. Ng3 Bh6 27. d4 Bxe3 28. Qxe3 Nc4 29. Qf3 Nd7 30. h5 Nf8 31. Kg2 Rd6 32. Rh1 Ne6 33. hxg6 hxg6 34. Kg1 Ng5 35. Qg2 Qd7 36. Rh4 Kg7 37. Qh1 Qc8 38. Nf1 Rdd8 39. Kg2 Rh8 40. f3 Ne6 41. Kf2 Rxh4 42. Qxh4 Rh8 43. Qg3 Ng5 44. Kg2 Rh3 45. Qxh3 Nxh3 46. Kxh3 Qh8+ 47. Kg2 Qh6 48. Bd3 Qf4 49. Kf2 f5 50. gxf5 gxf5 51. Bxc4 Bxc4 52. Ng3 Kf7 53. exf5 Bd5 54. Rd3 e4 55. Re3 exf3 56. Bb2 Qh4 57. Re5 Qh2+ 58. Ke3 Qxg3 59. Rxd5 f2+ 60. Ke2 Qg2 61. Rd7+ Kf6 0-1

[Event "SWE-chT 0809"]
[Site "Sweden"]
[Date "2009.03.13"]
[Round "9"]
[White "Ong, Kezli"]
[Black "Schneider, Stefan"]
[Result "0-1"]
[WhiteElo "2320"]
[BlackElo "2451"]
[PlyCount "78"]
[EventDate "2008.10.25"]
[EventType "team-tourn"]
[EventRounds "11"]
[EventCountry "SWE"]
[SourceTitle "EXT 2011"]
[Source "ChessBase"]
[SourceDate "2010.11.26"]
[SourceVersion "1"]
[SourceVersionDate "2010.11.26"]
[SourceQuality "1"]

1. e4 Nf6 2. e5 Nd5 3. d4 Nb6 4. f4 d6 5. Nf3 dxe5 6. fxe5 Bg4 7. Be2 e6 8. 0-0 Be7 9. a4 a5 10. b3 0-0 11. Ba3 c5 12. dxc5 Nd5 13. Qd4 Bxf3 14. Bxf3 Nc6 15. Qb2 Ncb4 16. c3 Bxc5+ 17. Kh1 Nd3 18. Qe2 N5f4 19. Qe4 Ng6 20. Be2 Nf2+ 21. Rxf2 Bxf2 22. Bxf8 Kxf8 23. Na3 Qb6 24. Nb5 Rd8 25. Rf1 Qe3 26. Qxe3 Bxe3 27. Nd6 Nxe5 28. Nxb7 Rd2 29. Bb5 Bb6 30. h3 Nd3 31. Rb1 Nf4 32. Bc6 Ne2 33. c4 Nd4 34. Be4 Ke7 35. c5 Bc7 36. Kg1 Ne2+ 37. Kf1 Nc3 38. Re1 Bg3 39. Re3 Rd1+ 0-1